| 000 | 00474nam a2200181Ia 4500 | ||
|---|---|---|---|
| 005 | 20250530112819.0 | ||
| 008 | 008 250516s9999 xx 000 0 eng d | ||
| 020 | _a9781804295892 | ||
| 040 |
_beng _cSDCL |
||
| 041 |
_aeng _2eng |
||
| 084 | _aO-:gxN34 R4 | ||
| 100 | _aJameson, Fredric | ||
| 245 | 0 |
_aYears of theory : _bLectures on modern french thought |
|
| 260 |
_aLondon: _bVerso, _c2024. |
||
| 300 | _axi,458p. | ||
| 650 | _aPhilosophy | ||
| 942 |
_cTEXL _2CC |
||
| 999 |
_c1429858 _d1429858 |
||